Exigencias sociales del evangelio

Đã lưu trong:
Chi tiết về thư mục
Tác giả của công ty: INDISO (Tác giả)
Định dạng: Sách
Ngôn ngữ:Tiếng Tây Ban Nha
Được phát hành: Santiago Salesiana 1986
Phiên bản:1a. ed
Những chủ đề:
Các nhãn: Thêm thẻ
Không có thẻ, Là người đầu tiên thẻ bản ghi này!

MARC

LEADER 00000nam a2200000 a 4500
001 UCS9531
003 CL-VaPUC
008 971121e19860000CL |||||||||||||||||spa|d
082 0 4 |a 261.83  |b IND  |2 21 
110 2 |a INDISO  |e author  |9 394689 
245 1 0 |a Exigencias sociales del evangelio 
250 |a 1a. ed 
300 |a 265 p 
942 |c BK 
945 |d 19971121 00:00:00  |a jquezada 
260 |a Santiago  |b Salesiana  |c 1986 
500 |a Edición corregida y actualizada del libro: Elementos de doctrina social de la iglesia 
650 0 |a Teología social de la Iglesia  |9 378196 
650 0 |a Derechos humanos  |9 223025 
650 0 |a Familias   |9 255641 
650 0 |a Problemas sociales  |9 258537 
583 |a last modification  |c 20170829 03:13:12  |k Rodrigo Vera 
999 |c 263316  |d 263314 
952 |0 0  |1 0  |4 0  |6 261_830000000000000_IND_1986  |7 0  |8 A  |9 292540  |a BIBENE  |b BIBENE  |d 2019-11-19  |i 3366758  |o 261.83 IND 1986  |p 3366758  |r 2024-01-16  |w 2019-11-19  |y BK  |k ICO 
952 |0 0  |1 0  |4 0  |6 261_830000000000000_IND_1986  |7 0  |8 X  |9 292541  |a FDOBUD  |b FDOBUD  |d 2019-11-19  |i 4596196  |o 261.83 IND 1986  |p 4596196  |r 2019-11-19  |w 2019-11-19  |y BK_X  |k BUD